| 000 | 00723nam a22001817a 4500 | ||
|---|---|---|---|
| 003 | SISC | ||
| 005 | 20170927112057.0 | ||
| 008 | 170927b xxu||||| |||| 00| 0 eng d | ||
| 020 | _a9780545934985 | ||
| 050 |
_aPZ 7 _b.F736 2015 |
||
| 100 |
_aFranklin, Miriam Spitzer _eAuthor |
||
| 245 |
_aExtraordinary / _cMiriam Spitzer Franklin |
||
| 260 |
_aNew York : _bScholastic Inc., _c2015. |
||
| 300 |
_a249 pages ; _c20 cm. |
||
| 520 | _a"After she hears that her disabled best friend Anna might be able to have a surgery that will restore her to her old self, Pansy decides to overcome her fears and do anything to become extraordinary in time for Anna's return." (Source: WorldCat) | ||
| 942 |
_2lcc _cBK |
||
| 999 |
_c344414 _d344414 |
||